000 00638nam a2200181Ia 4500
003 Ost
005 20260507075702.0
008 260507s9999||||xx |||||||||||||| ||und||
040 _cfsecg
041 _aara
100 _aالسيد، سمير محمد حسن
_eمؤلف
245 0 _aالاتجاهات الحديثة في السياسات التجارية /
_c سمير محمد حسن السيد
260 _aالاسكندرية:
_bمؤسسة شباب الجامعة,
_c2005
300 _a361 صفحة؛
653 _aسياسة تجارية
700 _aمحمد، البنا محمد
_eمؤلف ثانوي
942 _cكتاب
999 _c45843
_d45843